000 00957nam a2200253 a 4500
001 000014941
003 DO-SdBNP
005 20250430150718.0
008 100127s2006 dr c 000 0 spa d
040 _aDO-SdBNP
_bspa
_cBNPHU
049 _aBNPD
082 4 _a972.9324
_bG633e
_222
100 _aGómez, Wilson,
_d1953-
_933819
245 1 0 _aEfemérides barahoneras /
_cWilson Gómez ; presentación José E. Aquino Hidalgo ; prólogo Oscar López Reyes.
260 _aBarahona, República Dominicana :
_bClaridad :,
_c2006.
300 _a309 p. :
_bretrs. ;
_c21 cm.
500 _aIncluye datos biográficos del autor en la contracubierta
504 _aIncluye bibliografías (p. 307-309)
650 4 _aCronología histórica
_933821
650 4 _aCiudades y pueblos
_zBarahona (República Dominicana)
_933822
651 4 _aBarahona (República Dominicana)
_xHistoria local
_933820
700 1 _aLópez Reyes, Oscar,
_epról.
_9750
942 _2ddc
_cLBS1
999 _c14521
_d14521